Skibidi Toilet Quiz - Statistics

General Stats
  • This quiz has been taken 79 times
    78 since last reset
  • The average score is 17 of 40
Answer Stats
# Hint Answer % Correct
1 The first titan that ever appeared in the series. Titan Cameraman
96%
2 The leader of the skibidi toilet army. G-Toilet
70%
6 The second ever titan that gets infected shortly after his first appearance. Titan Speakerman
70%
9 The last titan of the titan trio who is tries to save #6 but gets jumped and injured. Titan TV Man
61%
5 The one that creates the parasite toilets and infects #4. Scientist Toilet
54%
11 A female agent who can burn toilets along with detattaching her head to control toilets. TV Woman
54%
3 The episode in which #1 and #2 fought in for the first time. 20
52%
8 A very brave cameraman who wields plungers to attack the toilets. Plungerman
52%
16 The episode where #1 fights #2 and infected #6, who ends up saving him. 57
50%
13 Another female agent who can shoot needles from the back of her head. Camerawoman
50%
10 The episode where #9 was jumped and injured. 47
48%
12 The episode where #1 makes his comeback in his new upgraded form. 50
48%
19 Female version of #18 who dances often and can redirect small rockets. Speakerwoman
48%
7 The episode where #6 got infected in, starting an entire arc trying to save him. 32
46%
21 The episode where #9 makes his comeback and where #1 and #6 fight #5. 67
44%
22 The episode where #5 meets his end along with #8 and #18 also meeting their unfortunate end. 70
44%
18 Another special agent who is cold-hearted and wields knives. Dark Speakerman
44%
4 A large cameraman with a red tie that was the first ever infected. Fred
44%
15 A brown-suited cameraman who is known to simp for #11. Simp Cameraman
44%
20 The episode where #1 and #6 fight #2 and defeat him, but it turns out it was decoy and they fall into a trap where they both get injured. 65
43%
28 The episode where the Astro fleet arrives and #1 makes a sacrifice to allow #6 #9 to escape. 74
41%
17 The episode where #5 makes a re-appearance in a giant mech who saves #2 from #14. 60
39%
27 The episode where the the titan trio fights #2 is big brutal battle, with #2 injuring #1 and #6. 73
39%
25 The episode where #23 and #2 fight and #2 ends up winning that fight. 72
37%
40 The episode where #37, #38, and #39 appear in. 78
37%
31 The episode where #30 appears in. 76
35%
36 The longest current episode where #26 fights #9 and #2 saves him, with #9 ending up getting infected by #30 and #14. 77
35%
23 A huge Astro Toilet with three arms that can capture energy and redirect them. Detainer Astro Toilet
31%
26 A much more massive Astro Toilet that can shoot super powerful orbs of energy, which the shockwave can take down an entire titan, also saves #23. Juggernaut Astro Toilet
30%
14 A super-fast flying astro toilet that incinerated a Large Speakerman. Assailant Astro Toilet
28%
35 A flying toilet with DJ attire. DJ Toilet
28%
29 The largest Astro Toilet that serves as the Main base for the highest ranking Astro toilets. Mothership Astro Toilet
28%
30 A female Astro Toilet who is psychotic and kills in brutal ways. Astro Duchess
26%
24 A mutant toilet with a buzzsaw arm. Buzzsaw Mutant Toilet
24%
38 A mutant Astro Toilet with a lot of teeth. Hunter Astro Toilet
24%
32 A large mutant toilet with buff arms. Berserker Mutant Toilet
22%
34 A toilet that is based on the famous singer Michael Jackson. Michael Jackson Toilet
22%
33 A mutant toilet that is apart of the SWAT team. SWAT Mutant Toilet
22%
39 An unknown TV Man that got stuck in the teleportation realm and possibly got corrupted for staying in there for too long. Jeffrey
20%
37 A semi-titan who is extremely powerful and kills many Astro toilets. Executor Speakerman
17%
No matching quizzes found
Score Distribution
Percent of People with Each Score
Percentile by Number Answered
Your Score History
You have not taken this quiz since the last reset